000 00268nam a2200097Ia 4500
001 779440
005 20250826165944.0
008 250824s9999 xx 000 0 und d
245 0 _aHAK DİNİ KURAN DİLİ TEFSİRİ 6
_cELMALI M. HAMDİ YAZIR
260 _bAKÇAĞ YAYINLARI
999 _c779440
_d779440